XML for bioinformatics / (Record no. 191852)

MARC details
000 -LEADER
fixed length control field 00673nam a2200217Ia 4500
005 - DATE AND TIME OF LATEST TRANSACTION
control field 20220818101317.0
008 - FIXED-LENGTH DATA ELEMENTS--GENERAL INFORMATION
fixed length control field 210716s2005 xx 000 0 und d
020 ## - INTERNATIONAL STANDARD BOOK NUMBER
International Standard Book Number 9788181283801
040 ## - CATALOGING SOURCE
Transcribing agency AIMIT LIBRARY
041 ## - LANGUAGE CODE
Language code of text/sound track or separate title eng
082 ## - DEWEY DECIMAL CLASSIFICATION NUMBER
Classification number 574.80285
Edition number 1
Item number CERE
100 ## - MAIN ENTRY--PERSONAL NAME
Personal name Cerami, Ethan.
9 (RLIN) 54957
245 ## - TITLE STATEMENT
Title XML for bioinformatics /
Statement of responsibility, etc. By Ethan Cerami.
250 ## - EDITION STATEMENT
Edition statement 1st ed.
260 ## - PUBLICATION, DISTRIBUTION, ETC.
Place of publication, distribution, etc. New Delhi :
Name of publisher, distributor, etc. Springer ,
Date of publication, distribution, etc. 2005.
300 ## - PHYSICAL DESCRIPTION
Extent xv, 304p. ;
Dimensions 23.5 cm
650 ## - SUBJECT ADDED ENTRY--TOPICAL TERM
Topical term or geographic name entry element Introduction to XML for bioinformatics
9 (RLIN) 54958
650 ## - SUBJECT ADDED ENTRY--TOPICAL TERM
Topical term or geographic name entry element Fundamentals of XML and BSML
9 (RLIN) 54959
650 ## - SUBJECT ADDED ENTRY--TOPICAL TERM
Topical term or geographic name entry element XML schemas for bioinformatics
9 (RLIN) 54960
942 ## - ADDED ENTRY ELEMENTS (KOHA)
Source of classification or shelving scheme Dewey Decimal Classification
Koha item type Book
Edition 1st
Call number prefix 574.80285 CERE
Holdings
Withdrawn status Lost status Source of classification or shelving scheme Damaged status Not for loan Collection code Home library Current library Source of acquisition Cost, normal purchase price Inventory number Total Checkouts Full call number Barcode Date last seen Cost, replacement price Price effective from Koha item type
    Dewey Decimal Classification     MCA St Aloysius Institute of Management & Information Technology St Aloysius Institute of Management & Information Technology Current Books 895.00 Bill no:8796; Bill dt:2010-04-30   574.80285 CERE MCA09706 07/21/2025 644.40 07/16/2021 Book
    Dewey Decimal Classification     MCA St Aloysius Institute of Management & Information Technology St Aloysius Institute of Management & Information Technology Athulya Books 895.00 Bill no:ABK.594; Bill dt:2011-10   574.80285 CERE MCA11360 07/21/2025 671.25 07/16/2021 Book